Hacienda pública: teórica y aplicada / Richard A. Musgrave (Registro nro. 2290)

Detalles MARC
000 -LEADER
fixed length control field 00589nam a22002291a 4500
001 - CONTROL NUMBER
control field 2290
003 - CONTROL NUMBER IDENTIFIER
control field OSt
005 - DATE AND TIME OF LATEST TRANSACTION
control field 20260204211806.0
008 - FIXED-LENGTH DATA ELEMENTS--GENERAL INFORMATION
fixed length control field 040210s1994||||mx ||||||b||||||||||spa||
020 ## - NUMERO DE LIBRO INTERNACIONAL NORMALIZADO
International Standard Book Number 8476157568
050 ## - LIBRARY OF CONGRESS CALL NUMBER
Classification number 350.82 M97h
082 ## - DEWEY DECIMAL CLASSIFICATION NUMBER
Classification number 350.82 M97h
100 ## - ASIENTO PRINCIPAL -- NOMBRE PERSONAL
Personal name Musgrave, Richard A.
245 ## - TÍTULO PROPIAMENTE DICHO: SUBTÍTULO
Title Hacienda pública: teórica y aplicada / Richard A. Musgrave
250 ## - MENCIÓN DE EDICIÓN
Edition statement 5
264 ## - PRODUCTION, PUBLICATION, DISTRIBUTION, MANUFACTURE, AND COPYRIGHT NOTICE
Place of production, publication, distribution, manufacture México : McGraw-Hill
300 ## - PHYSICAL DESCRIPTION
Extensión 779 p.
500 ## - GENERAL NOTE
General note Incluye indice
650 ## - ASIENTO SECUNDARIO DE MATERIA -- TERMINO TEMÁTICO
Termino Temático Como Elemento de Entrada 1.Economía - Administración Pública
700 ## - ASIENTO SECUNDARIO -- NOMBRE PERSONAL
Personal name Musgrave, PeggyÌ
942 ## - ADDED ENTRY ELEMENTS (KOHA)
Source of classification or shelving scheme Dewey Decimal Classification
Koha item type Libros
Existencias
Withdrawn status Lost status Source of classification or shelving scheme Damaged status Not for loan Current library Date acquired Full call number Barcode Date last seen Price effective from Koha item type Total Checkouts
    Dewey Decimal Classification Descartado para donación   Biblioteca UTECO 09/09/2019 350.82 M97H 003685 09/09/2019 09/09/2019 Libros  
    Dewey Decimal Classification     Biblioteca UTECO 09/09/2019 350.82 M97H 003686 09/09/2019 09/09/2019 Libros  
    Dewey Decimal Classification     Biblioteca UTECO 09/09/2019 350.82 M97H 003687 09/09/2019 09/09/2019 Libros  
© 2021 Derechos Reservados UTECO - Teléfono: +1 809-585-2291 - Correo electrónico: biblioteca@uteco.edu.do​  
Código postal 43000 ​​
Dirección: Avenida Universitaria No. 100, 
Cotuí, Provincia Sánchez Ramírez, República Dominicana - RNC: 404-00059-6